[Event "RUS-chT Seniors final"]
[Site "Sochi"]
[Date "2016.05.07"]
[Round "6.1"]
[White "Pushkov, Nikolai"]
[Black "Loginov, Alexander"]
[Result "1-0"]
[WhiteElo "2306"]
[BlackElo "2123"]
[PlyCount "75"]
[EventDate "2016.05.01"]
[EventType "team-tourn"]
[EventRounds "9"]
[EventCountry "RUS"]
[SourceTitle "EXT 2018"]
[Source "ChessBase"]
[SourceDate "2017.10.13"]
[SourceVersion "1"]
[SourceVersionDate "2017.10.13"]
[SourceQuality "1"]
[WhiteTeam "Belorechensk Univ"]
[BlackTeam "Samara Zhiguli Seniors"]
[WhiteTeamCountry "RUS"]
[BlackTeamCountry "RUS"]

1. c4 e6 2. Nf3 f5 3. g3 Nf6 4. Bg2 d5 5. b3 Bd6 6. 0-0 Qe7 7. d3 0-0 8. Nc3 c6 9. Bg5 Nbd7 10. e4 h6 11. Bd2 dxe4 12. dxe4 Ne5 13. Qe2 Nxf3+ 14. Bxf3 e5 15. exf5 Bxf5 16. Ne4 Nxe4 17. Bxe4 Qe6 18. Bxf5 Rxf5 19. Be3 e4 20. Rac1 c5 21. Rfd1 h5 22. Rd5 Raf8 23. Rcd1 Be7 24. Rxf5 Rxf5 25. Qd2 Bf8 26. Qd7 Qg6 27. Qxb7 Qg4 28. Qd7 Qf3 29. h4 Rf7 30. Qd5 Be7 31. Re1 Bxh4 32. gxh4 Qg4+ 33. Kf1 Qh3+ 34. Ke2 Qg4+ 35. Kd2 Qxh4 36. Rg1 Qf6 37. Kc2 Qf3 38. Qd1 1-0

[Event "RUS-chT Seniors final"]
[Site "Sochi"]
[Date "2015.05.03"]
[Round "3.1"]
[White "Loginov, Alexander"]
[Black "Mishuchkov, Nikolai Mikhailovic"]
[Result "1/2-1/2"]
[WhiteElo "2118"]
[BlackElo "2321"]
[PlyCount "71"]
[EventDate "2015.05.01"]
[EventType "team-tourn"]
[EventRounds "5"]
[EventCountry "RUS"]
[SourceTitle "EXT 2018"]
[Source "ChessBase"]
[SourceDate "2017.10.13"]
[SourceVersion "1"]
[SourceVersionDate "2017.10.13"]
[SourceQuality "1"]

1. e4 c5 2. Nf3 e6 3. c3 Ne7 4. d4 cxd4 5. cxd4 d5 6. e5 Nbc6 7. Na3 Nf5 8. Nc2 Qb6 9. Bd3 Bb4+ 10. Kf1 h5 11. a3 Be7 12. b4 Bd7 13. Kg1 Qd8 14. Bxf5 exf5 15. h4 a5 16. b5 Na7 17. a4 Nc8 18. Bf4 Nb6 19. Ne3 Be6 20. Qd3 g6 21. g3 Rc8 22. Kg2 0-0 23. Rhb1 Qd7 24. Nd1 Nc4 25. Ng5 b6 26. Rb3 Rc7 27. Nc3 Rfc8 28. Ne2 Kg7 29. Nf3 Rf8 30. Neg1 Rcc8 31. Nh3 Rfe8 32. Nhg5 Bf8 33. Re1 Be7 34. Nh3 Bf8 35. Nhg5 Be7 36. Nh3 1/2-1/2

[Event "Lazarevskoe op"]
[Site "Lazarevskoe"]
[Date "2013.06.??"]
[Round "8"]
[White "Loginov, Alexander"]
[Black "Taperichkin, Mihail"]
[Result "1-0"]
[WhiteElo "2241"]
[BlackElo "1548"]
[PlyCount "67"]
[EventDate "2013.06.03"]
[EventType "swiss"]
[EventRounds "9"]
[EventCountry "RUS"]
[SourceTitle "EXT 2015"]
[Source "ChessBase"]
[SourceDate "2014.11.20"]
[SourceVersion "1"]
[SourceVersionDate "2014.11.20"]
[SourceQuality "1"]

1. e4 c5 2. Nf3 e6 3. c3 d6 4. d4 cxd4 5. cxd4 Nf6 6. Nc3 Be7 7. Bb5+ Bd7 8. Bc4 Nc6 9. e5 dxe5 10. dxe5 Ng4 11. Qe2 Bc5 12. 0-0 Qb6 13. Nd1 Bd4 14. Bf4 h5 15. h3 Nh6 16. Nxd4 Qxd4 17. Bh2 Nf5 18. Nc3 a6 19. Bd3 Nfe7 20. Rfd1 Qc5 21. Ne4 Qb6 22. Nd6+ Kf8 23. Qf3 Be8 24. Be4 Nd8 25. Nxe8 Kxe8 26. Rd2 Ndc6 27. Rad1 Rd8 28. Rxd8+ Nxd8 29. Bf4 Qxb2 30. Qd3 Nec6 31. Qd7+ Kf8 32. Bxc6 Nxc6 33. Qc8+ Ke7 34. Rd7# 1-0

[Event "Lazarevskoe op"]
[Site "Lazarevskoe"]
[Date "2013.06.??"]
[Round "6"]
[White "Loginov, Alexander"]
[Black "Zakaryan, David"]
[Result "0-1"]
[WhiteElo "2241"]
[BlackElo "2244"]
[PlyCount "108"]
[EventDate "2013.06.03"]
[EventType "swiss"]
[EventRounds "9"]
[EventCountry "RUS"]
[SourceTitle "EXT 2015"]
[Source "ChessBase"]
[SourceDate "2014.11.20"]
[SourceVersion "1"]
[SourceVersionDate "2014.11.20"]
[SourceQuality "1"]

1. f4 d5 2. e3 c5 3. Nf3 Nf6 4. b3 g6 5. Bb2 Bg7 6. Bb5+ Bd7 7. a4 0-0 8. 0-0 Bg4 9. Be2 Bxf3 10. Bxf3 Nc6 11. g4 Qd6 12. g5 Ne8 13. Bxg7 Nxg7 14. Nc3 Nb4 15. Nb5 Qd7 16. c3 Nc6 17. d4 Nf5 18. Bg4 a6 19. Na3 cxd4 20. exd4 f6 21. Qd3 e6 22. Bxf5 exf5 23. h4 Rae8 24. Nb1 Qe6 25. Nd2 Qe3+ 26. Qxe3 Rxe3 27. Rf3 Rfe8 28. Raf1 Na5 29. Kg2 Kg7 30. Rxe3 Rxe3 31. Rf3 Re2+ 32. Rf2 Re3 33. Rf3 Re2+ 34. Rf2 Re6 35. Rf3 h6 36. gxh6+ Kxh6 37. Kf2 Kh5 38. Rg3 b5 39. axb5 axb5 40. Rg1 Nb7 41. Kf3 Rc6 42. c4 bxc4 43. bxc4 dxc4 44. Rb1 Nd6 45. Rb8 Kh6 46. d5 Rc5 47. Rh8+ Kg7 48. Rd8 Ne4 49. Nxe4 fxe4+ 50. Kxe4 c3 51. d6 c2 52. d7 c1Q 53. Rg8+ Kxg8 54. d8Q+ Kg7 0-1

[Event "Sochi Lazarevskoe op"]
[Site "Sochi"]
[Date "2012.06.21"]
[Round "8"]
[White "Mavlyaveev, Vladimir"]
[Black "Loginov, Alexander"]
[Result "0-1"]
[WhiteElo "1770"]
[BlackElo "2265"]
[PlyCount "93"]
[EventDate "2012.06.14"]
[EventType "swiss"]
[EventRounds "9"]
[EventCountry "RUS"]
[SourceTitle "EXT 2013"]
[Source "ChessBase"]
[SourceDate "2012.11.22"]
[SourceVersion "1"]
[SourceVersionDate "2012.11.22"]
[SourceQuality "1"]

1. e4 c5 2. a3 g6 3. h4 h5 4. Bc4 d6 5. Nc3 Nc6 6. Nh3 Ne5 7. Ba2 Bg7 8. Ng5 Nh6 9. f3 0-0 10. d3 e6 11. Be3 Kh8 12. Qd2 Ng8 13. 0-0-0 Qe7 14. d4 cxd4 15. Bxd4 f6 16. Bxe5 dxe5 17. Nh3 Bh6 18. f4 exf4 19. Nxf4 Qg7 20. Kb1 e5 21. Nxg6+ Qxg6 22. Qd6 Bg4 23. Rd5 Rfc8 24. Qb4 b6 25. Rd3 Bf8 26. Qa4 a6 27. Rg3 b5 28. Qa5 Bc5 29. Be6 Re8 30. Bf5 Qg7 31. Nd5 Ra7 32. Rf1 Nh6 33. Bxg4 Nxg4 34. b4 Be7 35. Qb6 Bd8 36. Qc6 Qd7 37. Qc3 Qe6 38. Rf5 Rh7 39. Qf3 Rg8 40. Qf1 Qe8 41. Qe2 Rhg7 42. Qe1 Nh6 43. Rxg7 Rxg7 44. Nxf6 Qf7 45. Nxh5 Nxf5 46. Nxg7 Nxg7 47. Qd2 0-1

[Event "Sochi Lazarevskoe op"]
[Site "Sochi"]
[Date "2012.06.17"]
[Round "4"]
[White "Rasstriguine, Andrei"]
[Black "Loginov, Alexander"]
[Result "0-1"]
[WhiteElo "2129"]
[BlackElo "2265"]
[PlyCount "88"]
[EventDate "2012.06.14"]
[EventType "swiss"]
[EventRounds "9"]
[EventCountry "RUS"]
[SourceTitle "EXT 2013"]
[Source "ChessBase"]
[SourceDate "2012.11.22"]
[SourceVersion "1"]
[SourceVersionDate "2012.11.22"]
[SourceQuality "1"]

1. Nf3 d5 2. d4 Nf6 3. c4 e6 4. Nc3 Bb4 5. e3 Ne4 6. Qa4+ Nc6 7. Qc2 f5 8. a3 Bxc3+ 9. bxc3 0-0 10. h4 b6 11. cxd5 exd5 12. Bb5 Na5 13. Ne5 a6 14. Bd3 c5 15. f3 Nd6 16. g3 Bd7 17. Qa2 Be6 18. Kf2 Nac4 19. Nxc4 dxc4 20. Bf1 Qc8 21. a4 Bd5 22. a5 Ne4+ 23. fxe4 fxe4+ 24. Ke1 Qg4 25. Rg1 cxd4 26. Bxc4 Bxc4 27. Qxc4+ Kh8 28. cxd4 b5 29. Qe2 Rf3 30. Ba3 Ra7 31. Bd6 Qe6 32. Bf4 Qb3 33. Rc1 h6 34. Qd2 Rf7 35. Qc3 Qa2 36. Qd2 Qb3 37. Ke2 Qe6 38. Qc2 Rf8 39. Ke1 b4 40. Rf1 b3 41. Qc5 Re8 42. Rxf3 exf3 43. Qc4 b2 44. Kd2 Qxc4 0-1

[Event "Sochi Lazarevskoe op"]
[Site "Sochi"]
[Date "2012.06.14"]
[Round "1"]
[White "Loginov, Alexander"]
[Black "Perekrestov, Viktor"]
[Result "0-1"]
[WhiteElo "2265"]
[BlackElo "1926"]
[PlyCount "72"]
[EventDate "2012.06.14"]
[EventType "swiss"]
[EventRounds "9"]
[EventCountry "RUS"]
[SourceTitle "EXT 2013"]
[Source "ChessBase"]
[SourceDate "2012.11.22"]
[SourceVersion "1"]
[SourceVersionDate "2012.11.22"]
[SourceQuality "1"]

1. d4 d5 2. e3 Bf5 3. c4 e6 4. Nc3 c6 5. Nf3 Be7 6. Bd2 Nd7 7. Rc1 h6 8. Ne5 Ngf6 9. g4 Nxe5 10. gxf5 Nxc4 11. fxe6 fxe6 12. Bxc4 dxc4 13. Qf3 Qd7 14. Rg1 g5 15. Ne4 Nxe4 16. Qxe4 Qd5 17. Qg6+ Kd7 18. Qc2 b5 19. e4 Qd6 20. b3 cxb3 21. axb3 Rac8 22. Rg3 Bd8 23. Bc3 Bb6 24. Kf1 Qf4 25. Bb2 Rhf8 26. Rd1 Qh4 27. Rg2 Rf4 28. d5 cxd5 29. Qe2 Rxf2+ 30. Rxf2 Qxf2+ 31. Qxf2 Bxf2 32. exd5 Rc2 33. Bg7 h5 34. dxe6+ Kxe6 35. Ra1 Bb6 36. Re1+ Kf7 0-1

[Event "Chigorin Memorial-B 10th"]
[Site "St Petersburg"]
[Date "2002.11.03"]
[Round "9"]
[White "Turkin, Viktor"]
[Black "Loginov, Alexander"]
[Result "1-0"]
[WhiteElo "2254"]
[BlackElo "2334"]
[PlyCount "53"]
[EventDate "2002.10.25"]
[EventType "swiss"]
[EventRounds "9"]
[EventCountry "RUS"]
[SourceTitle "EXT 2003"]
[Source "ChessBase"]
[SourceDate "2002.11.25"]
[SourceVersion "1"]
[SourceVersionDate "2002.11.25"]
[SourceQuality "1"]

1. e4 c5 2. Nf3 Nc6 3. Bb5 g6 4. Bxc6 dxc6 5. d3 Bg7 6. h3 Nf6 7. Nc3 0-0 8. Be3 b6 9. Qd2 Re8 10. Bh6 e5 11. Bxg7 Kxg7 12. 0-0 Nh5 13. Ne2 Qf6 14. Kh2 h6 15. Nfg1 g5 16. g3 Qd6 17. Qe3 Kh7 18. f4 gxf4 19. gxf4 f5 20. Qf3 Ng7 21. Ng3 Rf8 22. Rae1 Be6 23. exf5 exf4 24. Qxf4 Qxf4 25. Rxf4 Bxf5 26. Ref1 Kg6 27. Nf3 1-0

[Event "Chigorin Memorial-B 10th"]
[Site "St Petersburg"]
[Date "2002.11.02"]
[Round "8"]
[White "Loginov, Alexander"]
[Black "Rjabzev, Konstantin"]
[Result "1/2-1/2"]
[WhiteElo "2334"]
[BlackElo "2271"]
[PlyCount "53"]
[EventDate "2002.10.25"]
[EventType "swiss"]
[EventRounds "9"]
[EventCountry "RUS"]
[SourceTitle "EXT 2003"]
[Source "ChessBase"]
[SourceDate "2002.11.25"]
[SourceVersion "1"]
[SourceVersionDate "2002.11.25"]
[SourceQuality "1"]

1. e4 e5 2. Bc4 Nf6 3. d3 c6 4. Qe2 Be7 5. f4 exf4 6. e5 Nd5 7. Nf3 Ne3 8. Bxe3 fxe3 9. Qxe3 0-0 10. 0-0 b5 11. Bb3 Na6 12. d4 Nc7 13. c3 d5 14. exd6 Bxd6 15. a4 bxa4 16. Rxa4 Nd5 17. Qf2 Be6 18. Nbd2 Qb8 19. Bxd5 cxd5 20. b3 f6 21. c4 g5 22. g3 h5 23. c5 Bc7 24. Qe3 Bh3 25. Qd3 Bxf1 26. Qg6+ Kh8 27. Qh6+ 1/2-1/2